| 000 | 00551nam a2200205 a 4500 | ||
|---|---|---|---|
| 001 | 5970 | ||
| 003 | CDMR | ||
| 005 | 20131009135224.0 | ||
| 008 | 130220s2005||||||||||||||||||||||||||||d | ||
| 020 | _a8429755802 | ||
| 040 |
_aCDMR _bcat _cCDMR |
||
| 100 | 1 |
_aSimó, Isabel-Clara _9360 |
|
| 245 | 1 | 0 |
_aSi em necessites, xiula _cIsabel-Clara Simó |
| 260 |
_aBarcelona _bEdicions62 _c2005 |
||
| 300 |
_a143 p ; _c17 cm |
||
| 490 | 0 |
_aNo ficció _v25 |
|
| 600 | 1 |
_92620 _aRoig, Montserrat |
|
| 650 |
_aPeriodistes catalans _vBiografies _94 |
||
| 942 |
_cMON _2udc |
||
| 999 |
_c5970 _d5970 |
||